Informatics II

Salvato in:
Dettagli Bibliografici
Autore principale: Krivá, Zuzana, 1962- (Autore)
Altri autori: Kuliffayová, Marta (Revisore), Gambrill, Debra, 1951- (Revisore)
Natura: Libro
Lingua:inglese
Pubblicazione: Bratislava : Slovenská technická univerzita v Bratislave, 2015
Edizione:1. vyd.
Tags: Aggiungi Tag
Nessun Tag, puoi essere il primo ad aggiungerne!!

MARC

LEADER 00000nam a22000003a 4500
001 0005069
003 SK-STU
005 20220215183632.0
007 ta
008 150603s -------||||||||||-|||-||----d
020 |a 978-80-227-4333-4 
041 0 |a eng 
044 |a xo 
100 1 |4 aut  |9 100  |a Krivá, Zuzana,  |d 1962-  |u 010220  |r Z1  |U SvF Stavebná fakulta  |T SvF Katedra matematiky a deskriptívnej geometrie  |X 796  |U V220  |Y 23  |7 A000000796 
242 0 0 |a Informatika II  |y slo 
245 1 0 |a Informatics II 
250 |a 1. vyd. 
260 |a Bratislava :  |b Slovenská technická univerzita v Bratislave,  |c 2015 
300 |a 96 s. 
700 1 |a Kuliffayová, Marta  |r Z5  |4 rev 
700 1 |a Gambrill, Debra,  |d 1951-  |u 010330  |r Z2  |4 rev  |U SvF Stavebná fakulta  |T SvF Katedra jazykov  |X 885  |U V330  |Y 32  |7 A000000885 
996 |b 284V036507  |c V* 43362/S-15  |l VVT  |s A  |a 24  |w 0005069_0001 
996 |b 284V036508  |c V* 43363/S-15  |l VVS  |s A  |a 24  |w 0005069_0002 
996 |b 284V036961  |c V* 43417/S-16  |l VVS  |s A  |a 24  |w 0005069_0003